| 000 | 00646nam a22001935i 4500 | ||
|---|---|---|---|
| 001 | 160323 | ||
| 003 | ES-MaACL | ||
| 005 | 20230906212011.0 | ||
| 008 | 981002s1838 be |||| | lat d | ||
| 040 |
_aCLM _bspa _cCCPB | 3D |
||
| 100 | 1 |
_aMühlenbruch, Christian Friedrich. _9130364 |
|
| 245 | 1 | 0 |
_aDoctrina pandectarum _b: scholarum in usum / _cscripsit C.F. Muhlenbruch. |
| 250 | _aEditio nova, auctior et emendatior ... | ||
| 260 |
_aBruxellis : _b[s.n.], _c1838 ( _fHauman, et C.) |
||
| 300 |
_aXV, 724 p. ; _c24 cm. |
||
| 650 | 0 | 4 |
_aJurisprudencia. _914031 |
| 752 |
_aBélgica - _dBruselas |
||
| 852 |
_aES-MaACL _jC-3169 _z- Enc. hol. |
||
| 999 |
_c160323 _d160323 |
||